Harry Potter: la Volière - Statistiques

Statistiques générales
  • Ce quiz a été pris 46 fois
  • Le résultat moyen est 5 sur 8
Statistiques - réponses
Information Réponses % Correct
Première apparition Harry Potter à l'école des sorciers
100%
Chouette résidente connue Hedwige
97%
Dernière apparition Harry Potter et l'Ordre du Phenix
92%
Hibou résident connu Coquecigrue
70%
Hibou résident connu Hermès
68%
Emplacement dans Poudlard Tour ouest
30%
Description Pièce circulaire, murs de pierre, plutôt froide, courants d'air, fenêtres sans carreaux, sol recouvert de paille, de fientes et de squelettes de souris
22%
Chouette résidente connue Scouthibou
16%
Aucun quiz correspondant
Distribution des résultats
% des personnes avec chaque résultat
Percentile par nombre de réponses
Votre historique - résultats
Vous n’avez pas pris ce quiz